000 00772cam a22002533a 4500
001 31812
003 PGUSA
005 20140828083704.0
008 100328s2010||||xxu|||||s|||||000 | eng d
040 _aPGUSA
_beng
042 _adc
050 4 _aDL
100 1 _aÅberg, J. O.
_q(Jon Olof),
_d1843-1898
245 1 0 _aAdlercreutzin sanansaattaja :
_bTapaus Revonlahden tappelusta v. 1808
_h[electronic resource] /
_cJ. O. Åberg
260 _bProject Gutenberg,
_c2010
506 _aPublic domain in the USA.
516 _aElectronic text
653 _aRusso-Swedish War, 1808-1809
653 _aFinland -- History
700 1 _aLempiranta, Arvo,
_d1860-1914
830 0 _aProject Gutenberg
_v31812
856 4 0 _uhttp://www.gutenberg.org/ebooks/31812
942 _cEB
999 _c261067
_d261067